00491nam a22001577a 4500003000900000008004100009040007100050082002300121100002100144245002500165260004400190300002800234650002700262650002000289650002400309AR-CdUCM190328b ||||| |||| 00| 0 spa d aMUNICIPALIDAD PROVINCIAL DEL CUSCOcBIBLIOTECA MUNICIPAL DEL CUSCO aC / 868.67 /bF52J aFigueira, Gaston aJuan Ramon Jimenez / aMontevideo :bBiblioteca Alfar ,c1944. a121 páginas ;c21 cm. aPoesia Latinoamericana aPoesia Uruguaya aPoesia y Literatura